000 01224nam a2200265Ia 4500
003 Ost
005 20260507075204.0
008 260507s9999||||xx |||||||||||||| ||und||
020 _a9789957820121
040 _cfsecg
041 _aara
082 _a330
100 _aالشنطي، ايمن
_eمؤلف
245 0 _aمقدمة في الإدارة و التحليل المالي /
_c ايمن الشنطي
260 _aعمان:
_bدار البداية,
_c2010
300 _a231 صفحة؛
_bإيضاحات ؛
_c24 سم
504 _aمراجع ص.224
520 _aمفاهيم ووظائف أهداف الادارة المالية ، مصادر التمويل و العوامل المحددة لانواع التمويل و ادارة الموجودات ، تحليل التعادل و تحليل الرفعع و كيفية احتساب الفائدة البسيطة و الفائدة المركبة و القيمة الحالية .
653 _aالادارة المالية
653 _aالتحليل المالي
653 _aالتخطيط المالي
700 _aالحدرب، زهير
_eمؤلف ثانوي
700 _aعبد الله، عامر
_eمؤلف ثانوي
942 _cكتاب
999 _c43422
_d43422